[Event "43. Olimpiada Batumi 2018 Femenina"]
[Site "Batumi GEO"]
[Date "2018.10.01"]
[Round "7.1"]
[White "Figueroa, Julissa"]
[Black "Rawan, Eyhab"]
[Result "1-0"]
[WhiteElo "1666"]
[BlackElo "1568"]
[PlyCount "133"]
[EventDate "2018.09.24"]
[EventType "team-swiss"]
[EventRounds "11"]
[EventCountry "GEO"]
[SourceTitle "Ajedrez en Madrid"]
[Source "lmi"]
[SourceDate "2018.09.24"]
[WhiteTeam "Barbados"]
[BlackTeam "Sudan"]
[WhiteTeamCountry "BAR"]
[BlackTeamCountry "SUD"]

1. e4 c6 2. d4 d5 3. Nc3 dxe4 4. Nxe4 h6 5. Ng3 Nf6 6. Nf3 Bg4 7. Be2 e6 8. h3
Bxf3 9. Bxf3 Bd6 10. Ne4 Nxe4 11. Bxe4 Nd7 12. O-O Nf6 13. Bf3 O-O 14. c4 Qd7
15. Be3 Rfd8 16. Qe2 Qc7 17. Rfd1 Rd7 18. Rd3 Bf4 19. Rad1 Rad8 20. Qd2 Bxe3
21. Qxe3 Qb6 22. b3 Qa5 23. R1d2 Re8 24. Qf4 e5 25. dxe5 Rxd3 26. Rxd3 Rxe5 27.
Qd2 Qc7 28. g3 Re7 29. Rd8+ Kh7 30. Qd3+ g6 31. Ra8 Qa5 32. Qd4 Re8 33. Rxa7
Qf5 34. Qd1 Qxh3 35. Rxb7 Qe6 36. a4 c5 37. a5 Re7 38. Rxe7 Qxe7 39. a6 Ne8 40.
Qd5 Nc7 41. Qb7 Qe1+ 42. Kg2 Qa5 43. a7 Kg7 44. a8=Q Nxa8 45. Qxa8 Qb6 46. Qa4
g5 47. Qb5 Qd6 48. Qc6 Qe5 49. Qd5 Qe7 50. Bh5 f6 51. Qf5 Qf8 52. Qd7+ Kg8 53.
Bg6 Qg7 54. Qe6+ Kh8 55. Qe8+ Qg8 56. Kf3 Qxe8 57. Bxe8 Kg7 58. Ke4 Kf8 59. Bc6
Ke7 60. Kd5 f5 61. Kxc5 h5 62. b4 f4 63. Bf3 h4 64. gxh4 gxh4 65. b5 Kd7 66.
Kb6 Kc8 67. Ka7 1-0

[Event "43. Olimpiada Batumi 2018 Femenina"]
[Site "Batumi GEO"]
[Date "2018.10.01"]
[Round "7.2"]
[White "Sara, Gadalla Karar"]
[Black "Blackman, Katrina"]
[Result "0-1"]
[WhiteElo "1446"]
[BlackElo "1755"]
[PlyCount "88"]
[EventDate "2018.09.24"]
[EventType "team-swiss"]
[EventRounds "11"]
[EventCountry "GEO"]
[SourceTitle "Ajedrez en Madrid"]
[Source "lmi"]
[SourceDate "2018.09.24"]
[WhiteTeam "Sudan"]
[BlackTeam "Barbados"]
[WhiteTeamCountry "SUD"]
[BlackTeamCountry "BAR"]

1. d4 e6 2. Nf3 f5 3. Bg5 Nf6 4. e3 d5 5. Be2 Bd6 6. Nbd2 Nbd7 7. O-O O-O 8. c4
c6 9. c5 Bc7 10. b4 Qe8 11. Ne1 Ne4 12. Nxe4 fxe4 13. f4 Nf6 14. g3 Bd7 15. Ng2
h6 16. Bh4 Qg6 17. g4 Nh7 18. Rf2 Bd8 19. Qe1 Bxh4 20. Nxh4 Qf6 21. Rf1 Rf7 22.
Qg3 Raf8 23. g5 hxg5 24. Bh5 gxh4 25. Bxf7+ Rxf7 26. Qg2 Be8 27. h3 Re7 28. Rf2
Bh5 29. Qh2 Bf3 30. Kf1 Qf5 31. a4 Nf6 32. b5 Nd7 33. bxc6 bxc6 34. Rb1 Qf6 35.
Rb7 a6 36. Rfb2 Rf7 37. Ra7 e5 38. Rbb7 exd4 39. Rxd7 dxe3 40. Qa2 e2+ 41. Kf2
Qd4+ 42. Ke1 Qg1+ 43. Kd2 e1=Q+ 44. Kc2 Qxc5+ 0-1

[Event "43. Olimpiada Batumi 2018 Femenina"]
[Site "Batumi GEO"]
[Date "2018.10.01"]
[Round "7.3"]
[White "Cumberbatch, Gabriela"]
[Black "Mohamed Ahmed, Naiwa"]
[Result "1-0"]
[WhiteElo "1402"]
[BlackElo "1407"]
[PlyCount "125"]
[EventDate "2018.09.24"]
[EventType "team-swiss"]
[EventRounds "11"]
[EventCountry "GEO"]
[SourceTitle "Ajedrez en Madrid"]
[Source "lmi"]
[SourceDate "2018.09.24"]
[WhiteTeam "Barbados"]
[BlackTeam "Sudan"]
[WhiteTeamCountry "BAR"]
[BlackTeamCountry "SUD"]

1. e4 g6 2. d4 c6 3. Nc3 Bg7 4. Nf3 d5 5. e5 f6 6. Bf4 e6 7. h3 b5 8. a3 Ne7 9.
Qd2 O-O 10. Bd3 Nd7 11. Bh6 fxe5 12. Bxg7 Kxg7 13. dxe5 Qc7 14. Qg5 Nc5 15. Qd2
Nxd3+ 16. Qxd3 a5 17. h4 h5 18. Ne2 Bd7 19. Ng3 c5 20. Qd2 Bc6 21. Qg5 d4 22.
Nxh5+ Kh7 23. Nf6+ Kg7 24. h5 Rh8 25. h6+ Kf7 26. Nd5 Nxd5 27. Nh4 Ne7 28. Qf6+
Ke8 29. Qxh8+ Kd7 30. Qg7 Rg8 31. Qf6 Qd8 32. h7 Rh8 33. Qg7 Be4 34. Rc1 g5 35.
Nf3 Kc6 36. Nxg5 Nf5 37. Qg6 Bd5 38. Nf7 Qe8 39. Nxh8 Qxh8 40. Qf6 Ng7 41. f3
c4 42. Rh4 Kc5 43. Qe7+ Kc6 44. Qd6+ Kb7 45. Qe7+ Kc6 46. Qf6 Kc5 47. Rb1 d3
48. b4+ axb4 49. axb4+ Kc6 50. cxd3 cxd3 51. Rc1+ Bc4 52. Qe7 Nf5 53. Qxe6+ Kb7
54. Qf6 Qxf6 55. exf6 Nxh4 56. h8=Q Nxg2+ 57. Kd2 Nf4 58. Rg1 Ne6 59. f7 Nd4
60. Qxd4 Bxf7 61. Qd7+ Kb6 62. Qxf7 Kc6 63. Rg6# 1-0

[Event "43. Olimpiada Batumi 2018 Femenina"]
[Site "Batumi GEO"]
[Date "2018.10.01"]
[Round "7.4"]
[White "Marwa, Jadalla"]
[Black "Murray, Donna"]
[Result "0-1"]
[WhiteElo "1322"]
[BlackElo "1318"]
[PlyCount "74"]
[EventDate "2018.09.24"]
[EventType "team-swiss"]
[EventRounds "11"]
[EventCountry "GEO"]
[SourceTitle "Ajedrez en Madrid"]
[Source "lmi"]
[SourceDate "2018.09.24"]
[WhiteTeam "Sudan"]
[BlackTeam "Barbados"]
[WhiteTeamCountry "SUD"]
[BlackTeamCountry "BAR"]

1. d4 e6 2. Bf4 Nf6 3. Nf3 d5 4. e3 c6 5. c3 Be7 6. Nbd2 O-O 7. h4 Bd6 8. Ne5
Qc7 9. Bd3 Nbd7 10. Ndf3 Ne4 11. Qc2 Ndf6 12. Ng5 h6 13. Nxe4 dxe4 14. Bxe4
Nxe4 15. Qxe4 Bd7 16. g4 f5 17. Qg2 fxg4 18. Qxg4 Rae8 19. Rg1 Bc8 20. Bxh6
Bxe5 21. dxe5 Rf7 22. Qg3 Kh8 23. Bf4 b6 24. h5 Ba6 25. h6 gxh6 26. Bxh6 Bd3
27. Rh1 Bh7 28. Rh4 Rg8 29. Qh2 c5 30. Ke2 Qb7 31. Qh3 Qd5 32. Bf4 Qd3+ 33. Kf3
Qe4+ 34. Ke2 Rg2 35. Bg3 Qf3+ 36. Kf1 Rxf2+ 37. Bxf2 Qxf2# 0-1

[Event "43. Olimpiada Batumi 2018 Femenina"]
[Site "Batumi GEO"]
[Date "2018.10.01"]
[Round "7.3"]
[White "Faqeeh, Yara"]
[Black "Nuha, Rilwan"]
[Result "1-0"]
[WhiteElo "1451"]
[BlackElo "1053"]
[PlyCount "169"]
[EventDate "2018.09.24"]
[EventType "team-swiss"]
[EventRounds "11"]
[EventCountry "GEO"]
[SourceTitle "Ajedrez en Madrid"]
[Source "lmi"]
[SourceDate "2018.09.24"]
[WhiteTeam "Palestine"]
[BlackTeam "Maldives"]
[WhiteTeamCountry "PLE"]
[BlackTeamCountry "MDV"]

1. d4 Nf6 2. c4 e6 3. Nc3 Bb4 4. Bg5 h6 5. Bf4 Ne4 6. Qc2 Nxc3 7. bxc3 Be7 8.
e4 d6 9. Nf3 c5 10. Be2 O-O 11. O-O b6 12. Rfd1 Bb7 13. Rab1 Na6 14. Ne1 Qc7
15. Bg3 Rad8 16. f4 f5 17. e5 Rd7 18. Bf3 Rfd8 19. Bxb7 Qxb7 20. Nf3 Nb8 21.
Qe2 cxd4 22. cxd4 d5 23. c5 b5 24. Rxb5 Qa6 25. Rd2 Nc6 26. Rbb2 Qxe2 27. Rxe2
Rb8 28. Rxb8+ Nxb8 29. Rb2 Nc6 30. Be1 Bd8 31. a3 a5 32. Rb5 Ra7 33. Bc3 Kf7
34. Ne1 g5 35. g3 g4 36. Nc2 Kg6 37. a4 Ra8 38. Kg2 Rb8 39. Na3 Ra8 40. Rb7 Ra7
41. Rb5 Ra8 42. Rb2 Rb8 43. Nb5 Rb7 44. h3 h5 45. Rb1 Re7 46. Nd6 Ra7 47. Rb5
Ra8 48. Kh2 Rb8 49. Rxb8 Nxb8 50. Nb7 Nc6 51. Nxd8 Nxd8 52. Bxa5 Nc6 53. Bc3
Kf7 54. h4 Ke8 55. Kg2 Kd7 56. Kf2 Kc7 57. Ke3 Kb7 58. Kd3 Ka6 59. Kc2 Kb7 60.
Kb3 Ka6 61. Ka3 Kb7 62. a5 Ka7 63. Kb3 Ka6 64. Ka4 Ka7 65. Kb5 Kb7 66. a6+ Kc7
67. Ba5+ Nxa5 68. Kxa5 Kc6 69. a7 Kb7 70. Kb5 Kxa7 71. Kc6 Ka6 72. Kd7 Kb5 73.
c6 Kc4 74. c7 Kxd4 75. c8=Q Ke4 76. Qc2+ Kf3 77. Qd3+ Kg2 78. Kxe6 d4 79. Kd5
Kh3 80. e6 Kh2 81. e7 Kh3 82. e8=Q Kh2 83. Qe1 Kg2 84. Qdf1+ Kh2 85. Qef2# 1-0

[Event "43. Olimpiada Batumi 2018 Femenina"]
[Site "Batumi GEO"]
[Date "2018.10.01"]
[Round "7.4"]
[White "Abdulla, Zaura"]
[Black "Faqeeh, Aseel"]
[Result "0-1"]
[WhiteElo "1442"]
[BlackElo "1432"]
[PlyCount "66"]
[EventDate "2018.09.24"]
[EventType "team-swiss"]
[EventRounds "11"]
[EventCountry "GEO"]
[SourceTitle "Ajedrez en Madrid"]
[Source "lmi"]
[SourceDate "2018.09.24"]
[WhiteTeam "Maldives"]
[BlackTeam "Palestine"]
[WhiteTeamCountry "MDV"]
[BlackTeamCountry "PLE"]

1. e4 e6 2. d4 d5 3. e5 c5 4. c3 Nc6 5. Bb5 cxd4 6. Bxc6+ bxc6 7. Qxd4 Ne7 8.
Nf3 Nf5 9. Qa4 Bd7 10. O-O c5 11. Qd1 Be7 12. Be3 O-O 13. Nbd2 Nxe3 14. fxe3 f6
15. c4 d4 16. exd4 cxd4 17. exf6 Bxf6 18. Nb3 e5 19. Nc5 Qc7 20. Nxd7 Qxd7 21.
Re1 Rfe8 22. Nd2 Rad8 23. Ne4 Qc6 24. b3 d3 25. Rf1 Qxe4 26. Re1 Qd4+ 27. Kh1
e4 28. Rf1 Qxa1 29. Qxa1 Bxa1 30. Rxa1 d2 31. Rd1 e3 32. Kg1 e2 33. Rxd2 e1=Q#
0-1

[Event "43. Olimpiada Batumi 2018 Femenina"]
[Site "Batumi GEO"]
[Date "2018.10.01"]
[Round "7.1"]
[White "Anandpara, Jayendra Saloni"]
[Black "Assa, Oluwaseun"]
[Result "1-0"]
[WhiteElo "1326"]
[BlackElo "1881"]
[PlyCount "53"]
[EventDate "2018.09.24"]
[EventType "team-swiss"]
[EventRounds "11"]
[EventCountry "GEO"]
[SourceTitle "Ajedrez en Madrid"]
[Source "lmi"]
[SourceDate "2018.09.24"]
[WhiteTeam "Hong Kong"]
[BlackTeam "Nigeria"]
[WhiteTeamCountry "HKG"]
[BlackTeamCountry "NGR"]

1. e4 e5 2. Nf3 Nc6 3. Bc4 Be7 4. a3 d6 5. d4 Bg4 6. h3 Bh5 7. Be3 exd4 8. Bxd4
Nxd4 9. Qxd4 Bf6 10. Qd5 Bg6 11. Qb5+ Kf8 12. Nbd2 Rb8 13. O-O Ne7 14. Qb3 Nc6
15. Qa2 Ke7 16. Rfe1 Re8 17. c3 Kf8 18. Rac1 Ne5 19. Nxe5 Bxe5 20. Re3 Bf4 21.
Rf3 Bxd2 22. Bxf7 Ke7 23. Qe6+ Kf8 24. Bxg6+ Qf6 25. Rxf6+ gxf6 26. Qxf6+ Kg8
27. Qf7+ 1-0

[Event "43. Olimpiada Batumi 2018 Femenina"]
[Site "Batumi GEO"]
[Date "2018.10.01"]
[Round "7.2"]
[White "Chukwuemeka-Ehirim, Chinyere"]
[Black "Leung, Hoi Ting"]
[Result "1-0"]
[WhiteElo "1871"]
[BlackElo "1284"]
[PlyCount "118"]
[EventDate "2018.09.24"]
[EventType "team-swiss"]
[EventRounds "11"]
[EventCountry "GEO"]
[SourceTitle "Ajedrez en Madrid"]
[Source "lmi"]
[SourceDate "2018.09.24"]
[WhiteTeam "Nigeria"]
[BlackTeam "Hong Kong"]
[WhiteTeamCountry "NGR"]
[BlackTeamCountry "HKG"]

1. Nf3 Nf6 2. d4 d5 3. e3 Bf5 4. Bd3 e6 5. O-O g6 6. b3 Bg7 7. Bb2 O-O 8. Re1
Nbd7 9. Nc3 Re8 10. Bxf5 exf5 11. Ne2 c6 12. c4 Rc8 13. Rc1 dxc4 14. bxc4 Ne4
15. Ng3 Qa5 16. Qb3 Nd2 17. Nxd2 f4 18. Nge4 Qc7 19. c5 Rb8 20. Nd6 Rf8 21.
exf4 Nf6 22. Nf3 Nd5 23. g3 b6 24. Qd3 bxc5 25. Nc4 cxd4 26. Bxd4 Nb4 27. Qa3
Bxd4 28. Nxd4 c5 29. Nf3 Rfd8 30. Nce5 f6 31. Qb3+ Kg7 32. Qc3 fxe5 33. Qxe5+
Qxe5 34. Nxe5 Nd3 35. Nxd3 Rxd3 36. Rxc5 Rb7 37. Rec1 Rdd7 38. a4 Kh6 39. a5
Re7 40. Kg2 Re2 41. Kf3 Ra2 42. R1c3 Rbb2 43. h4 Rxf2+ 44. Kg4 Rfd2 45. Re3 Rd6
46. h5 Ra6 47. Ree5 Rd2 48. hxg6 hxg6 49. Re8 Rd7 50. Rh8+ Kg7 51. Re8 Kf6 52.
Rec8 Rad6 53. R8c6 a6 54. Kf3 Kg7 55. Rxd6 Rxd6 56. Ke4 Kf6 57. g4 Ke6 58. f5+
Kf6 59. fxg6 Re6+ 1-0

[Event "43. Olimpiada Batumi 2018 Femenina"]
[Site "Batumi GEO"]
[Date "2018.10.01"]
[Round "7.3"]
[White "Lam, Ka Yan"]
[Black "Akintoye, Deborah"]
[Result "0-1"]
[WhiteElo "1182"]
[BlackElo "1853"]
[PlyCount "72"]
[EventDate "2018.09.24"]
[EventType "team-swiss"]
[EventRounds "11"]
[EventCountry "GEO"]
[SourceTitle "Ajedrez en Madrid"]
[Source "lmi"]
[SourceDate "2018.09.24"]
[WhiteTeam "Hong Kong"]
[BlackTeam "Nigeria"]
[WhiteTeamCountry "HKG"]
[BlackTeamCountry "NGR"]

1. d4 d5 2. e3 Bf5 3. Nf3 Nc6 4. Bd3 Bxd3 5. Qxd3 Nf6 6. Nc3 e6 7. Bd2 Bd6 8.
Nb5 O-O 9. O-O-O Ne4 10. Rhf1 a6 11. Nxd6 Qxd6 12. a3 Rfb8 13. g3 b5 14. Ne5
Nxe5 15. dxe5 Qxe5 16. f3 Nxd2 17. Rxd2 c5 18. c3 c4 19. Qd4 Qxd4 20. Rxd4 a5
21. Rfd1 b4 22. cxb4 axb4 23. axb4 Ra1+ 24. Kc2 Rxd1 25. Rxd1 Rxb4 26. e4 Rb5
27. exd5 exd5 28. Rd4 Kf8 29. f4 Ke7 30. f5 Kf6 31. Rf4 Rb3 32. Rd4 Ke5 33. Rh4
h6 34. Rh5 Kf6 35. Rh4 Rf3 36. g4 Ke5 0-1

[Event "43. Olimpiada Batumi 2018 Femenina"]
[Site "Batumi GEO"]
[Date "2018.10.01"]
[Round "7.4"]
[White "Ogbiyoyo, Perpetual Eloho"]
[Black "Li, Joy Ching"]
[Result "1-0"]
[WhiteElo "1830"]
[BlackElo "1137"]
[PlyCount "63"]
[EventDate "2018.09.24"]
[EventType "team-swiss"]
[EventRounds "11"]
[EventCountry "GEO"]
[SourceTitle "Ajedrez en Madrid"]
[Source "lmi"]
[SourceDate "2018.09.24"]
[WhiteTeam "Nigeria"]
[BlackTeam "Hong Kong"]
[WhiteTeamCountry "NGR"]
[BlackTeamCountry "HKG"]

1. e4 d5 2. exd5 Nf6 3. d4 Nxd5 4. Nf3 g6 5. c4 Nb6 6. Nc3 Bg7 7. Be2 Nc6 8. d5
Ne5 9. Bf4 Nexc4 10. Bxc4 Nxc4 11. Qa4+ Bd7 12. Qxc4 Rc8 13. O-O a6 14. Rad1
O-O 15. Rfe1 Bf5 16. Qe2 Re8 17. h3 Rb8 18. g4 Bd7 19. Be5 f6 20. Bg3 Qc8 21.
Nd4 Ra8 22. Ne6 Bxe6 23. dxe6 Ra7 24. Rd7 c6 25. Red1 Qa8 26. Qe3 a5 27. Na4
Ra6 28. Rc7 Rd8 29. Rdd7 Rf8 30. Rxe7 Re8 31. Rxg7+ Kf8 32. Rcf7# 1-0

[Event "43. Olimpiada Batumi 2018 Femenina"]
[Site "Batumi GEO"]
[Date "2018.10.01"]
[Round "7.2"]
[White "Hoareau, Rachelle"]
[Black "Mpinganjira, Ellen"]
[Result "0-1"]
[WhiteElo "1467"]
[BlackElo "1412"]
[PlyCount "112"]
[EventDate "2018.09.24"]
[EventType "team-swiss"]
[EventRounds "11"]
[EventCountry "GEO"]
[SourceTitle "Ajedrez en Madrid"]
[Source "lmi"]
[SourceDate "2018.09.24"]
[WhiteTeam "Seychelles"]
[BlackTeam "Malawi"]
[WhiteTeamCountry "SEY"]
[BlackTeamCountry "MWI"]

1. d4 c5 2. dxc5 Qa5+ 3. Nd2 Qxc5 4. Ngf3 g6 5. e3 Bg7 6. Bc4 Nf6 7. Rb1 O-O 8.
O-O Qc7 9. g3 d6 10. c3 Nbd7 11. Ng5 Ne5 12. Bxf7+ Nxf7 13. Qb3 Bh6 14. Ne6
Bxe6 15. Qxe6 Kh8 16. Nf3 Qc6 17. Nd4 Qe4 18. Qxe4 Nxe4 19. f3 Nc5 20. b4 Nd3
21. Bd2 Nde5 22. Ne6 Rg8 23. a4 Nc4 24. Bc1 Bxe3+ 25. Bxe3 Nxe3 26. Rfe1 Nd5
27. Rbc1 Rac8 28. h4 Ne5 29. Kg2 Nd3 30. Ng5 Nxe1+ 31. Rxe1 Rgf8 32. Ne6 Rf6
33. Nd4 Rxc3 34. Nb5 Rcxf3 35. Kh2 Rd3 36. Nc7 Rf2+ 37. Kh3 Nxc7 38. Rxe7 Nd5
39. Rxb7 Nf4+ 40. Kg4 Nh5 41. Kg5 Nf6 42. Rb8+ Ng8 43. Kg4 Rg2 44. Kf4 Rgxg3
45. Ke4 Rge3+ 46. Kf4 d5 47. Kg5 Rg3+ 48. Kf4 Rde3 49. Rd8 Rh3 50. Rxd5 Rd3 51.
Ra5 Rxh4+ 52. Kg5 Rh5+ 53. Kf4 Rxa5 54. bxa5 Rd4+ 55. Ke5 Rxa4 56. Kd6 g5 0-1

[Event "43. Olimpiada Batumi 2018 Femenina"]
[Site "Batumi GEO"]
[Date "2018.10.01"]
[Round "7.3"]
[White "Simwaba, Anne"]
[Black "Figaro, Dericka"]
[Result "0-1"]
[WhiteElo "1206"]
[BlackElo "1671"]
[PlyCount "114"]
[EventDate "2018.09.24"]
[EventType "team-swiss"]
[EventRounds "11"]
[EventCountry "GEO"]
[SourceTitle "Ajedrez en Madrid"]
[Source "lmi"]
[SourceDate "2018.09.24"]
[WhiteTeam "Malawi"]
[BlackTeam "Seychelles"]
[WhiteTeamCountry "MWI"]
[BlackTeamCountry "SEY"]

1. e4 e5 2. Nf3 Nc6 3. d4 exd4 4. Nxd4 Qf6 5. Nxc6 Bc5 6. Qf3 Qxc6 7. Bd2 Nf6
8. Bd3 O-O 9. O-O Re8 10. Nc3 a6 11. a3 b5 12. Rfe1 Bb7 13. Re2 Qe6 14. b4 Bd4
15. h3 Qc6 16. Rb1 Bxc3 17. Bxc3 Qxc3 18. Rb3 Qa1+ 19. Kh2 Qe5+ 20. Kg1 d5 21.
exd5 Qa1+ 22. Kh2 Bxd5 23. Rxe8+ Rxe8 24. Bxh7+ Kxh7 25. Qd3+ Kg8 26. Qc3 Qxc3
27. Rxc3 c6 28. g4 Re2 29. Kg1 Ne4 30. Re3 Rxe3 31. fxe3 f6 32. Kg2 Nd6+ 33.
Kg3 Nc4 34. c3 Nxe3 35. Kf4 Nc4 36. g5 fxg5+ 37. Kxg5 Nxa3 38. h4 Nb1 39. h5
Nxc3 40. h6 Na2 41. hxg7 Kxg7 42. Kf4 Nxb4 43. Ke3 a5 44. Kd2 Kf6 45. Kc1 Ke5
46. Kb2 Kd4 47. Ka3 c5 48. Kb2 Nc6 49. Ka3 b4+ 50. Kb2 a4 51. Kc2 a3 52. Kb1 c4
53. Ka2 c3+ 54. Kb1 b3 55. Ka1 b2+ 56. Kb1 Be4+ 57. Ka2 b1=Q+ 0-1

[Event "43. Olimpiada Batumi 2018 Femenina"]
[Site "Batumi GEO"]
[Date "2018.10.01"]
[Round "7.3"]
[White "Mwikali, Daphne"]
[Black "Ebrahim, Zahabiyah"]
[Result "1-0"]
[WhiteElo "1481"]
[BlackElo "1217"]
[PlyCount "81"]
[EventDate "2018.09.24"]
[EventType "team-swiss"]
[EventRounds "11"]
[EventCountry "GEO"]
[SourceTitle "Ajedrez en Madrid"]
[Source "lmi"]
[SourceDate "2018.09.24"]
[WhiteTeam "Kenya"]
[BlackTeam "Tanzania"]
[WhiteTeamCountry "KEN"]
[BlackTeamCountry "TAN"]

1. c4 e5 2. g3 Nf6 3. Bg2 d6 4. Nc3 Nc6 5. e4 Be6 6. d3 Be7 7. Nge2 O-O 8. O-O
Qd7 9. Nd5 Bd8 10. Be3 Ne7 11. Nxf6+ gxf6 12. Bh6 Re8 13. f4 Bg4 14. f5 c6 15.
h3 Bxe2 16. Qxe2 Kh8 17. Kh2 Ng8 18. Be3 Bc7 19. Rg1 d5 20. exd5 cxd5 21. Bxd5
Re7 22. Be4 Qc8 23. Rg2 Qf8 24. Bc5 Qg7 25. Bxe7 Nxe7 26. Bxb7 Rb8 27. Be4 Rg8
28. b4 Bd6 29. c5 Bc7 30. a4 Qg5 31. Qf3 h6 32. b5 Rg7 33. h4 Qh5 34. Qxh5 Ng8
35. Bd5 e4 36. dxe4 Kh7 37. Bxf7 Rxf7 38. Qxf7+ Kh8 39. Rd1 h5 40. Rd7 Nh6 41.
Qg7# 1-0

[Event "43. Olimpiada Batumi 2018 Femenina"]
[Site "Batumi GEO"]
[Date "2018.10.01"]
[Round "7.1"]
[White "Beekhy, Aamirah"]
[Black "Varona-Thomas, Maria"]
[Result "1/2-1/2"]
[WhiteElo "1397"]
[BlackElo "1739"]
[PlyCount "71"]
[EventDate "2018.09.24"]
[EventType "team-swiss"]
[EventRounds "11"]
[EventCountry "GEO"]
[SourceTitle "Ajedrez en Madrid"]
[Source "lmi"]
[SourceDate "2018.09.24"]
[WhiteTeam "Mauritius"]
[BlackTeam "Guyana"]
[WhiteTeamCountry "MRI"]
[BlackTeamCountry "GUY"]

1. d4 Nf6 2. Nf3 g6 3. Bf4 Bg7 4. h3 d6 5. e3 Nbd7 6. Be2 O-O 7. O-O Nh5 8. Bh2
Nhf6 9. c4 c5 10. Nc3 cxd4 11. exd4 a6 12. Rc1 b6 13. a4 Bb7 14. b4 Rc8 15. Qb3
Ne4 16. Nxe4 Bxe4 17. Rfd1 a5 18. Qe3 Bb7 19. bxa5 bxa5 20. c5 d5 21. Bb5 Bc6
22. Bxc6 Rxc6 23. Bf4 f6 24. Bh6 Bxh6 25. Qxh6 Qc7 26. Re1 Re8 27. h4 e5 28. h5
e4 29. hxg6 hxg6 30. Qxg6+ Kf8 31. Rc2 Re7 32. Qh6+ Kg8 33. Nh4 Rh7 34. Qg6+
Rg7 35. Qe8+ Kh7 36. Nf5 1/2-1/2

[Event "43. Olimpiada Batumi 2018 Femenina"]
[Site "Batumi GEO"]
[Date "2018.10.01"]
[Round "7.1"]
[White "Bekheet, Suhailah"]
[Black "Magne, Kouokam Sylviane"]
[Result "0-1"]
[WhiteElo "1034"]
[BlackElo "1308"]
[PlyCount "116"]
[EventDate "2018.09.24"]
[EventType "team-swiss"]
[EventRounds "11"]
[EventCountry "GEO"]
[SourceTitle "Ajedrez en Madrid"]
[Source "lmi"]
[SourceDate "2018.09.24"]
[WhiteTeam "Kuwait"]
[BlackTeam "Cameroon"]
[WhiteTeamCountry "KUW"]
[BlackTeamCountry "CAM"]

1. e4 d5 2. exd5 Qxd5 3. Nc3 Qd8 4. Nf3 e6 5. d4 Nf6 6. Bg5 Be7 7. Qd2 O-O 8.
O-O-O Nc6 9. Bd3 b6 10. Ne4 Bb7 11. h4 Nb4 12. Nxf6+ Bxf6 13. Qxb4 Bxg5+ 14.
hxg5 g6 15. d5 Bxd5 16. Qh4 h5 17. Ne5 Kg7 18. g4 Rh8 19. Nxf7 Kxf7 20. Bxg6+
Kxg6 21. gxh5+ Kf5 22. f3 Qxg5+ 23. Rd2 Qxh4 24. Rxh4 Kg5 25. Rg4+ Kf5 26. Rgd4
Bxf3 27. Rf2 Ke5 28. Rd7 Bxh5 29. Rxc7 Bg4 30. Kd2 Rhd8+ 31. Kc3 Bf5 32. Re2+
Kd6 33. Rc4 Rac8 34. Rd2+ Ke7 35. Rxd8 Rxd8 36. Rc7+ Rd7 37. Rxd7+ Kxd7 38. Kb4
Bxc2 39. a3 Kc6 40. Kc3 Be4 41. b3 Bd5 42. b4 Kb5 43. Kd4 Ka4 44. Ke5 Kxa3 45.
Kd6 Kxb4 46. Kc7 b5 47. Kb8 a5 48. Ka7 a4 49. Kb6 a3 50. Kc7 a2 51. Kd6 a1=Q
52. Ke7 Kc5 53. Kd7 Qa7+ 54. Kd8 b4 55. Ke8 b3 56. Kd8 b2 57. Ke8 b1=Q 58. Kd8
Qbb8# 0-1

[Event "43. Olimpiada Batumi 2018 Femenina"]
[Site "Batumi GEO"]
[Date "2018.10.02"]
[Round "8.1"]
[White "Muzychuk, Anna"]
[Black "Danielian, Elina"]
[Result "1-0"]
[WhiteElo "2555"]
[BlackElo "2409"]
[PlyCount "71"]
[EventDate "2018.09.24"]
[EventType "team-swiss"]
[EventRounds "11"]
[EventCountry "GEO"]
[SourceTitle "Ajedrez en Madrid"]
[Source "lmi"]
[SourceDate "2018.09.24"]
[WhiteTeam "Ukraine"]
[BlackTeam "Armenia"]
[WhiteTeamCountry "UKR"]
[BlackTeamCountry "ARM"]

1. e4 e6 2. d4 d5 3. Nc3 Bb4 4. e5 c5 5. a3 Ba5 6. Bd2 Nc6 7. dxc5 Bxc3 8. Bxc3
d4 9. Bd2 Nxe5 10. Nf3 Qd5 11. Be2 Nf6 12. O-O Nc6 13. b4 O-O 14. c4 Qf5 15.
Qb1 Rd8 16. Bd3 Qh5 17. Re1 Ng4 18. Be4 a5 19. b5 Ne7 20. c6 bxc6 21. bxc6 Re8
22. c7 Ra7 23. Qb6 Ra6 24. Qb5 f5 25. Bb7 Bxb7 26. Qxb7 Rc6 27. h3 Nf6 28. Nxd4
Rxc4 29. Nxe6 Ne4 30. Nd8 Qh4 31. Be3 Nd6 32. Qb3 a4 33. Qd3 Qf6 34. Bg5 Qxg5
35. Qxd6 h6 36. Qe6+ 1-0

[Event "43. Olimpiada Batumi 2018 Femenina"]
[Site "Batumi GEO"]
[Date "2018.10.02"]
[Round "8.2"]
[White "Mkrtchian, Lilit"]
[Black "Muzychuk, Mariya"]
[Result "1/2-1/2"]
[WhiteElo "2384"]
[BlackElo "2533"]
[PlyCount "74"]
[EventDate "2018.09.24"]
[EventType "team-swiss"]
[EventRounds "11"]
[EventCountry "GEO"]
[SourceTitle "Ajedrez en Madrid"]
[Source "lmi"]
[SourceDate "2018.09.24"]
[WhiteTeam "Armenia"]
[BlackTeam "Ukraine"]
[WhiteTeamCountry "ARM"]
[BlackTeamCountry "UKR"]

1. d4 Nf6 2. Nf3 g6 3. Bg5 Bg7 4. Nbd2 d5 5. e3 h6 6. Bh4 O-O 7. Be2 c5 8. c3
Qb6 9. Qb3 Nc6 10. O-O Bf5 11. Bxf6 Bxf6 12. Qxd5 cxd4 13. cxd4 Qxb2 14. Bb5
Rac8 15. Nc4 Be6 16. Nxb2 Bxd5 17. Nd3 a6 18. Ba4 Bc4 19. Rfd1 Bxd3 20. Rxd3
Nb4 21. Rd2 b5 22. Bb3 Rc3 23. g3 Rfc8 24. Kg2 e6 25. Rb1 a5 26. Bd1 Rc1 27.
Rxc1 Rxc1 28. Be2 Ra1 29. Bxb5 Rxa2 30. Rxa2 Nxa2 31. Nd2 Nc3 32. Bc6 Be7 33.
Ne4 Nd1 34. Kf1 Bb4 35. Nf6+ Kf8 36. Nd7+ Ke7 37. Nb6 Nc3 1/2-1/2

[Event "43. Olimpiada Batumi 2018 Femenina"]
[Site "Batumi GEO"]
[Date "2018.10.02"]
[Round "8.3"]
[White "Ushenina, Anna"]
[Black "Sargsyan, Anna M"]
[Result "1-0"]
[WhiteElo "2451"]
[BlackElo "2331"]
[PlyCount "39"]
[EventDate "2018.09.24"]
[EventType "team-swiss"]
[EventRounds "11"]
[EventCountry "GEO"]
[SourceTitle "Ajedrez en Madrid"]
[Source "lmi"]
[SourceDate "2018.09.24"]
[WhiteTeam "Ukraine"]
[BlackTeam "Armenia"]
[WhiteTeamCountry "UKR"]
[BlackTeamCountry "ARM"]

1. d4 d5 2. c4 c6 3. Nf3 Nf6 4. Nc3 dxc4 5. e4 b5 6. Be2 Bg4 7. h3 Bh5 8. e5
Nd5 9. e6 fxe6 10. Ng5 Bg6 11. O-O Na6 12. a4 Nac7 13. axb5 cxb5 14. Bg4 Qd6
15. Re1 Nb4 16. Nxe6 Nxe6 17. Rxe6 Qb8 18. Qf3 Qd8 19. Nxb5 Rb8 20. Nd6+ 1-0

[Event "43. Olimpiada Batumi 2018 Femenina"]
[Site "Batumi GEO"]
[Date "2018.10.02"]
[Round "8.4"]
[White "Ghukasyan, Siranush"]
[Black "Zhukova, Natalia"]
[Result "1/2-1/2"]
[WhiteElo "2205"]
[BlackElo "2403"]
[PlyCount "89"]
[EventDate "2018.09.24"]
[EventType "team-swiss"]
[EventRounds "11"]
[EventCountry "GEO"]
[SourceTitle "Ajedrez en Madrid"]
[Source "lmi"]
[SourceDate "2018.09.24"]
[WhiteTeam "Armenia"]
[BlackTeam "Ukraine"]
[WhiteTeamCountry "ARM"]
[BlackTeamCountry "UKR"]

1. e4 e5 2. Nf3 Nc6 3. Bb5 a6 4. Ba4 Nf6 5. O-O Be7 6. Re1 b5 7. Bb3 d6 8. c3
O-O 9. d4 Bg4 10. Be3 exd4 11. cxd4 Na5 12. Bc2 Nc4 13. Bc1 c5 14. b3 Nb6 15.
Nbd2 Rc8 16. Bb2 Nfd7 17. h3 Bh5 18. Rc1 Re8 19. Nf1 cxd4 20. g4 Bg6 21. Bxd4
d5 22. Ng3 Ba3 23. Rb1 Nf6 24. Ne5 Bxe4 25. Bxe4 Nxe4 26. Nxf7 Kxf7 27. Bxb6
Nc3 28. Qd4 Qf6 29. Rxe8 Rxe8 30. Rf1 Qxd4 31. Bxd4 b4 32. Kg2 g6 33. f4 Nxa2
34. f5 gxf5 35. Rxf5+ Ke6 36. Re5+ Kd7 37. Rxd5+ Kc6 38. Rc5+ Kd7 39. Rd5+ Kc6
40. Rc5+ Kd7 41. Nf5 Nc1 42. Rd5+ Kc6 43. Rc5+ Kd7 44. Rd5+ Kc6 45. Rc5+
1/2-1/2